00561nam a2200145Ia 4500008004100000082001100041082000800052245016600060245003100226260003100257300000900288942000800297999001900305952009100324231017s9999 xx 000 0 und d a625.72 bPAV 0a"Pavement design guide for projects off the national highway system, less than one kilometer in length, and for less than 5,000,000 equivalent single axle loads" 0cDivision of highway design bDivision of highway design c30cm cREP c605950d605950 00104070aNITbNITd2023-10-17l0o625.72 PAVpNIT-2157r2023-10-17w2023-10-17yREP